[Event "11th Vellmar Open 2019"]
[Site "Vellmar GER"]
[Date "2019.07.06"]
[Round "5.21"]
[White "Reinhardt,Johannes"]
[Black "Decker,N"]
[Result "1/2-1/2"]
[WhiteElo "1838"]
[BlackElo "2038"]
[WhiteFideId "12928283"]
[BlackFideId "4699670"]
[EventDate "2019.07.04"]

1. Nf3 d5 2. c4 e6 3. d4 Nf6 4. Nc3 dxc4 5. e3 a6 6. a4 b6 7. Bxc4 Bb7 8. O-O
Nbd7 9. Qe2 Bb4 10. Nd2 O-O 11. e4 e5 12. d5 Qe7 13. Nf3 Nc5 14. Bg5 h6 15. Bxf6
Qxf6 16. Na2 a5 17. Nxb4 axb4 18. b3 Ra5 19. Nd2 c6 20. dxc6 Bxc6 21. Qe3 Rd8
22. Rad1 Qd6 23. Be2 Raa8 24. Nc4 Qc7 25. a5 Bxe4 26. axb6 Qc6 27. Nxe5 Qxb6 28.
Bc4 Rf8 29. Rd2 Qc7 30. f4 Bf5 31. Rc1 Rac8 32. Bd5 Qe7 33. Re1 Qc7 1/2-1/2

[Event "11th Vellmar Open 2019"]
[Site "Vellmar GER"]
[Date "2019.07.06"]
[Round "5.22"]
[White "Schnegelsberg,K"]
[Black "Moeckel,Jens"]
[Result "0-1"]
[WhiteElo "2043"]
[BlackElo "1859"]
[WhiteFideId "4653335"]
[BlackFideId "16202830"]
[EventDate "2019.07.04"]

1. Nf3 g6 2. d3 Bg7 3. e4 c5 4. g3 d6 5. Bg2 Nc6 6. O-O e5 7. c3 Nge7 8. a3 a5
9. a4 O-O 10. Na3 Kh8 11. Re1 f5 12. exf5 Bxf5 13. Nh4 Ng8 14. Nxf5 Rxf5 15. Nc4
Rf8 16. f4 Qc7 17. Bd2 Rad8 18. Qb3 Nge7 19. Re2 Nf5 20. Rae1 Qf7 21. Qd1 e4 22.
Bc1 d5 23. Ne5 Bxe5 24. fxe5 Nxe5 25. dxe4 dxe4 26. Rd2 Rxd2 27. Bxd2 e3 28. Bc1
Nc6 29. Bd5 Qf6 30. g4 Nfe7 31. Bxe3 Rd8 32. g5 Qg7 33. c4 b6 34. Bf4 Qxb2 35.
Qf3 Nxd5 36. cxd5 Qd4+ 37. Kg2 Qxd5 38. Re8+ Kg7 39. Rxd8 Qxf3+ 40. Kxf3 Nxd8
41. Bc7 Nc6 42. Ke4 Kf7 43. Kd5 Ne7+ 44. Kd6 Nf5+ 45. Kc6 Ne7+ 46. Kb7 Nd5 47.
Bg3 Ke6 48. Kc6 c4 49. Be1 c3 50. h4 Ke5 51. Kb5 Kd4 52. Kc6 Kc4 53. Kd6 Ne3 54.
Kc6 Ng2 0-1

[Event "11th Vellmar Open 2019"]
[Site "Vellmar GER"]
[Date "2019.07.06"]
[Round "5.23"]
[White "Poschadel,Andreas Gregor"]
[Black "Braun,I"]
[Result "0-1"]
[WhiteElo "1809"]
[BlackElo "2050"]
[WhiteFideId "16204948"]
[BlackFideId "24657816"]
[EventDate "2019.07.04"]

1. e4 c5 2. Nc3 e6 3. d4 cxd4 4. Qxd4 Nc6 5. Qd3 a6 6. Bf4 Nf6 7. O-O-O Bb4 8.
Nge2 O-O 9. f3 Qa5 10. Kb1 d5 11. a3 Be7 12. exd5 exd5 13. Nxd5 Nxd5 14. Qxd5
Rd8 15. Ng1 0-1

[Event "11th Vellmar Open 2019"]
[Site "Vellmar GER"]
[Date "2019.07.06"]
[Round "5.24"]
[White "Maar,Samuel"]
[Black "Kanbach,Mike"]
[Result "1/2-1/2"]
[WhiteElo "1998"]
[BlackElo "1826"]
[WhiteFideId "12952591"]
[BlackFideId "12974536"]
[EventDate "2019.07.04"]

1. e4 e6 2. d4 d5 3. Nd2 Nc6 4. c3 e5 5. dxe5 Nxe5 6. Be2 Nf6 7. Qc2 Be7 8. Ngf3
Qd6 9. exd5 Nxf3+ 10. Nxf3 Qxd5 11. Bf4 Bf5 12. Qa4+ Bd7 13. Qc2 Bf5 14. Qa4+
Bd7 15. Qc4 c6 16. O-O Be6 17. Qd4 O-O 18. Rfe1 Bc5 19. Qxd5 Nxd5 20. Be5 Rfe8
21. Bd3 f6 22. Bg3 Rad8 23. Rad1 Bf7 24. Bc2 Nb6 25. b4 Bf8 26. Nd4 Nd5 27. Ne2
Rxe2 28. Rxe2 Nxc3 29. Rxd8 Nxe2+ 30. Kf1 Nxg3+ 31. fxg3 Bxa2 32. Ke2 Bc4+ 33.
Bd3 Bd5 34. Ke3 Kf7 35. Rd7+ Ke6 36. Rxb7 c5 37. Rxa7 cxb4 38. Kd4 Bxg2 39. Bxh7
g5 40. Bg8+ Kf5 41. Ra5+ Kg4 42. Be6+ Kh5 43. Bf5 Bd6 44. Ra7 g4 45. Rg7 Bf3 46.
Be4 Be5+ 47. Kd5 b3 48. Rh7+ Kg5 49. Rg7+ Kh5 50. Rh7+ 1/2-1/2

[Event "11th Vellmar Open 2019"]
[Site "Vellmar GER"]
[Date "2019.07.06"]
[Round "5.25"]
[White "Powalla,Christian"]
[Black "Fuhrmeister,U"]
[Result "1/2-1/2"]
[WhiteElo "1816"]
[BlackElo "2008"]
[WhiteFideId "24658413"]
[BlackFideId "24611778"]
[EventDate "2019.07.04"]

1. e4 c6 2. Nc3 d5 3. Qe2 dxe4 4. Nxe4 Nf6 5. Nxf6+ gxf6 6. g3 Bf5 7. d3 e6 8.
Bg2 Bd6 9. Nf3 Nd7 10. O-O Qc7 11. Nd4 Bg6 12. a4 h5 13. a5 a6 14. Be3 h4 15.
Rfe1 Bh5 16. Qd2 Be5 17. b4 Bxd4 18. Bxd4 hxg3 19. hxg3 Qd6 20. Bb2 O-O-O 21. c4
Ne5 22. Bxe5 fxe5 23. b5 Qxd3 24. Qb2 Qd4 25. Qb3 Qd3 26. Qb2 Qd4 27. Qb3 Qd3
28. Qb2 1/2-1/2

[Event "11th Vellmar Open 2019"]
[Site "Vellmar GER"]
[Date "2019.07.06"]
[Round "5.26"]
[White "Simukov,Erik"]
[Black "Huneck,Frank"]
[Result "1-0"]
[WhiteElo "1893"]
[BlackElo "1788"]
[WhiteFideId "12995380"]
[BlackFideId "24663824"]
[EventDate "2019.07.04"]

1. e4 c6 2. d4 d5 3. Nd2 dxe4 4. Nxe4 Bf5 5. Ng3 Bg6 6. Nh3 e6 7. Nf4 Bd6 8. c3
Nf6 9. h4 Qc7 10. Qf3 e5 11. dxe5 Bxe5 12. h5 Bc2 13. h6 Qe7 14. Be2 g5 15. Nfh5
Nxh5 16. Rxh5 Rg8 17. Nf5 Qe6 18. Ne3 Be4 19. Qh3 Qxh3 20. Rxh3 Na6 21. Ng4 Bh8
22. Re3 f5 23. f3 fxg4 24. Rxe4+ Kd7 25. Rxg4 Rg6 26. Bxg5 Re8 27. O-O-O+ Kc8
28. Bd3 1-0

[Event "11th Vellmar Open 2019"]
[Site "Vellmar GER"]
[Date "2019.07.06"]
[Round "5.27"]
[White "Bornholdt,Joa Max"]
[Black "Spiess,Th"]
[Result "1-0"]
[WhiteElo "1710"]
[BlackElo "1986"]
[WhiteFideId "16253477"]
[BlackFideId "4646959"]
[EventDate "2019.07.04"]

1. Nf3 d5 2. d4 Nf6 3. c4 c6 4. cxd5 cxd5 5. Nc3 Nc6 6. Bf4 Bf5 7. Qb3 Na5 8.
Qa4+ Bd7 9. Qc2 Rc8 10. e3 e6 11. Bd3 Be7 12. O-O Nc6 13. a3 Nh5 14. Be5 Nxe5
15. dxe5 g6 16. Qe2 O-O 17. Rfd1 f5 18. g3 Qc7 19. Rac1 Qb8 20. b4 Rfd8 21. Qb2
g5 22. Ne2 Ba4 23. Rf1 Bd7 24. Nd2 f4 25. g4 fxe3 26. fxe3 Ng7 27. Qd4 Rf8 28.
Rxc8 Rxc8 29. e4 Bd8 30. Qb2 Bc7 31. Nf3 Bc6 32. Ned4 dxe4 33. Nxc6 bxc6 34.
Bxe4 c5 35. Bxh7+ Kxh7 36. Nxg5+ Kg6 37. Rf6+ Kxg5 38. Qd2+ Kh4 39. Qh6+ Kxg4
40. Rf4# 1-0

[Event "11th Vellmar Open 2019"]
[Site "Vellmar GER"]
[Date "2019.07.06"]
[Round "5.28"]
[White "Wurst,Maximilian"]
[Black "Krause,Ma2"]
[Result "0-1"]
[WhiteElo "1704"]
[BlackElo "1951"]
[WhiteFideId "16263740"]
[BlackFideId "24615889"]
[EventDate "2019.07.04"]

1. e4 c5 2. Nf3 Nf6 3. Nc3 d6 4. d4 cxd4 5. Nxd4 g6 6. Be3 Bg7 7. Bc4 O-O 8. f3
a6 9. Qd2 Qc7 10. Bb3 Rd8 11. O-O-O Nbd7 12. h4 Nc5 13. Kb1 Nxb3 14. cxb3 d5 15.
exd5 Nxd5 16. Nxd5 Rxd5 17. Qf2 e5 18. Nc2 Rxd1+ 19. Rxd1 Be6 20. h5 gxh5 21.
Rh1 Bf5 22. Rxh5 Bg6 23. Rh1 Rc8 24. Rc1 Qd7 25. Qd2 Qf5 26. Qf2 h5 27. g3 Bf8
28. a3 Qd3 29. b4 Qb3 30. Bc5 Bh6 31. f4 exf4 0-1

[Event "11th Vellmar Open 2019"]
[Site "Vellmar GER"]
[Date "2019.07.06"]
[Round "5.29"]
[White "Kanbach,Moritz"]
[Black "Powalla,K"]
[Result "0-1"]
[WhiteElo "1647"]
[BlackElo "1944"]
[WhiteFideId "12981214"]
[BlackFideId "24650668"]
[EventDate "2019.07.04"]

1. e4 Nf6 2. Nc3 e5 3. Bc4 Nc6 4. d3 Bc5 5. Nf3 h6 6. Be3 Bb6 7. h3 d6 8. Qe2
Bd7 9. a3 Ne7 10. Bb3 c6 11. Na4 Ba5+ 12. Bd2 b5 13. Nc3 Bb6 14. O-O a5 15. Be3
O-O 16. Bxb6 Qxb6 17. Qe3 Qc7 18. Ne2 Ng6 19. Qd2 Nh5 20. c4 Qc8 21. cxb5 Bxh3
22. bxc6 Bxg2 23. Kxg2 Ngf4+ 24. Kg1 Qh3 25. Nxf4 Nxf4 26. Nh4 Qg4+ 27. Kh1
Qxh4+ 28. Kg1 Qg4+ 29. Kh2 Qg2# 0-1

[Event "11th Vellmar Open 2019"]
[Site "Vellmar GER"]
[Date "2019.07.06"]
[Round "5.30"]
[White "Wecke,T"]
[Black "Ruhl,Marcel"]
[Result "1/2-1/2"]
[WhiteElo "1901"]
[BlackElo "1653"]
[WhiteFideId "24600342"]
[BlackFideId "12960195"]
[EventDate "2019.07.04"]

1. d4 d5 2. Bg5 h6 3. Bh4 Nf6 4. Bxf6 gxf6 5. c4 Bf5 6. e3 Bxb1 7. Rxb1 c6 8. b4
e6 9. Nf3 Be7 10. Qb3 dxc4 11. Bxc4 b5 12. Be2 a5 13. O-O axb4 14. Rfc1 Ra3 15.
Qc2 Qa5 16. Rb2 Rc3 17. Qb1 Rxc1+ 18. Qxc1 Qa3 19. Bd1 Kd7 20. Bb3 Na6 21. Qd2
Nc7 22. e4 Qa8 1/2-1/2

[Event "11th Vellmar Open 2019"]
[Site "Vellmar GER"]
[Date "2019.07.06"]
[Round "5.32"]
[White "Thomas,Jeremy"]
[Black "Fuss,Jean-Pierre"]
[Result "0-1"]
[WhiteElo "1717"]
[BlackElo "1957"]
[WhiteFideId "16214641"]
[BlackFideId "16232240"]
[EventDate "2019.07.04"]

1. e4 c5 2. Nf3 Nc6 3. d4 cxd4 4. Nxd4 Nf6 5. Nc3 e5 6. Ndb5 d6 7. Bg5 a6 8. Na3
b5 9. Nd5 Be7 10. Bxf6 gxf6 11. c3 f5 12. Bd3 f4 13. g3 Rg8 14. Qh5 Bg4 15. Qxh7
Rg6 16. Qh8+ Bf8 17. Qh4 Qxh4 18. gxh4 Bf3 19. h5 Rh6 20. Rg1 Ra7 21. Rg8 f5 22.
Rg6 Ne7 23. Nxe7 Rxe7 24. exf5 Rxh5 25. Be2 e4 26. Bxf3 exf3+ 27. Kf1 Rxh2 28.
Kg1 Reh7 29. Kf1 d5 30. Nc2 Bc5 31. Nd4 Rh1+ 32. Rg1 Rxg1+ 33. Kxg1 Bxd4 34.
cxd4 Rg7+ 35. Kf1 Re7 36. a4 b4 37. a5 Re4 38. Rd1 Kf7 39. Rd3 Kf6 40. Rxf3 Rxd4
41. Ke2 Kxf5 42. Rh3 Rc4 43. Rh6 Rc2+ 44. Kd3 Rxb2 45. Rxa6 Rxf2 46. Rb6 Ra2 47.
a6 Ra3+ 48. Kd4 b3 49. Kxd5 f3 50. Rb8 Rxa6 51. Rxb3 Kf4 52. Rb4+ Kg3 53. Rb8
Ra4 54. Rg8+ Kf2 55. Kc5 Ke2 56. Re8+ Kf1 57. Kd5 f2 58. Rg8 Ra2 59. Kd4 Re2 60.
Kd3 Ke1 61. Ra8 Rd2+ 62. Ke3 f1=Q 63. Ra1+ Rd1 64. Ra2 Rd3+ 0-1

[Event "11th Vellmar Open 2019"]
[Site "Vellmar GER"]
[Date "2019.07.06"]
[Round "5.33"]
[White "Nielsen,Michael Volstrup"]
[Black "Rehbein,U"]
[Result "1/2-1/2"]
[WhiteElo "1912"]
[BlackElo "1774"]
[WhiteFideId "1454749"]
[BlackFideId "4681037"]
[EventDate "2019.07.04"]

1. c4 Nf6 2. Nc3 e6 3. d4 c5 4. d5 exd5 5. cxd5 d6 6. e4 g6 7. f4 Bg7 8. Bb5+
Nfd7 9. a4 O-O 10. Nf3 Na6 11. Bxa6 bxa6 12. a5 Qe7 13. Nd2 Bb7 14. O-O f5 15.
e5 dxe5 16. Qb3 Rab8 17. fxe5 Nxe5 18. Nc4 Nxc4 19. Qxc4 Bd4+ 20. Kh1 Rbe8 21.
Bf4 Be5 22. Rae1 Qd6 23. Bxe5 Rxe5 24. Rxe5 Qxe5 25. Qxc5 Rf6 1/2-1/2

[Event "11th Vellmar Open 2019"]
[Site "Vellmar GER"]
[Date "2019.07.06"]
[Round "5.34"]
[White "Ruhl,Moritz"]
[Black "Schulze,Nick"]
[Result "1/2-1/2"]
[WhiteElo "1890"]
[BlackElo "1775"]
[WhiteFideId "12960179"]
[BlackFideId "16212312"]
[EventDate "2019.07.04"]

1. Nf3 Nf6 2. g3 g6 3. Bg2 Bg7 4. O-O O-O 5. d4 d6 6. c4 c5 7. dxc5 dxc5 8. Qb3
Nc6 9. Nc3 Na5 10. Qb5 b6 11. Ne5 Rb8 12. Rd1 Qe8 13. Qxe8 Nxe8 14. Bf4 Nd6 15.
Nc6 Nxc6 16. Bxc6 Bxc3 17. bxc3 Rd8 18. Bxd6 exd6 19. e4 Bb7 20. Bxb7 Rxb7 21.
a4 Re7 22. f3 f5 23. exf5 gxf5 24. Kf2 Rde8 25. Re1 Rxe1 26. Rxe1 Rxe1 27. Kxe1
Kf7 28. g4 fxg4 29. fxg4 Ke6 30. Ke2 Ke5 31. Ke3 d5 32. cxd5 Kxd5 33. h4 Ke5 34.
c4 a6 35. g5 Kf5 36. Kf3 Ke5 37. g6 Kf6 38. g7 Kxg7 39. Ke4 Kg6 40. h5+ Kg5 41.
Ke5 Kg4 42. Ke4 Kg5 43. Ke5 Kg4 1/2-1/2

[Event "11th Vellmar Open 2019"]
[Site "Vellmar GER"]
[Date "2019.07.06"]
[Round "5.35"]
[White "Daday,Csaba"]
[Black "Plaza Reino,Mercedes"]
[Result "0-1"]
[WhiteElo "1688"]
[BlackElo "1897"]
[WhiteFideId "1231995"]
[BlackFideId "24511951"]
[EventDate "2019.07.04"]

1. d4 d5 2. Nf3 e6 3. g3 Nf6 4. Bg2 Be7 5. O-O O-O 6. c4 dxc4 7. Ne5 Nc6 8. Bxc6
bxc6 9. Nxc6 Qe8 10. Nxe7+ Qxe7 11. Qa4 c5 12. Qxc4 cxd4 13. Qxd4 e5 14. Qh4 Rb8
15. Nc3 Rb4 16. Qg5 Bb7 17. a3 Rc4 18. Qf5 Qd6 19. Rd1 Qc6 20. f3 e4 21. Be3
exf3 22. Qxf3 Qc8 23. Qf1 Ng4 24. Bd4 Qe6 25. e4 Rxc3 0-1

[Event "11th Vellmar Open 2019"]
[Site "Vellmar GER"]
[Date "2019.07.06"]
[Round "5.36"]
[White "Fromm,Nick"]
[Black "Wuestehube,H"]
[Result "1/2-1/2"]
[WhiteElo "1694"]
[BlackElo "1887"]
[WhiteFideId "12958026"]
[BlackFideId "24614084"]
[EventDate "2019.07.04"]

1. e4 d6 2. d4 Nf6 3. Nc3 g6 4. f4 Bg7 5. Nf3 O-O 6. e5 dxe5 7. fxe5 Nh5 8. Bc4
Nc6 9. Be3 Na5 10. Bd3 f6 11. Qd2 fxe5 12. dxe5 Be6 13. O-O-O Nc4 14. Bxc4 Bxc4
15. Qxd8 Raxd8 16. Rxd8 Rxd8 17. g4 Nf6 18. exf6 exf6 19. Rd1 Rxd1+ 20. Nxd1 Be2
21. Ne1 Bxg4 22. Nf2 Bh5 23. Bxa7 Bh6+ 24. Kb1 Bf4 25. h3 Be2 26. Bd4 Kf7 27.
Ned3 Bd6 28. Bc5 Bh2 29. b4 h5 30. a4 g5 31. Kc1 Bf3 32. Kd2 f5 33. c4 b6 34.
Be3 g4 35. hxg4 hxg4 36. Bf4 Bxf4+ 37. Nxf4 Ke7 38. Ng6+ Kf6 39. Nh4 Bc6 40. b5
Bb7 41. Ke3 Kg5 42. Nxf5 Kxf5 43. Nxg4 Kxg4 44. Kd4 Kf5 45. c5 Ke6 46. cxb6 cxb6
47. Kc4 Kd6 48. Kb4 Ke5 1/2-1/2

[Event "11th Vellmar Open 2019"]
[Site "Vellmar GER"]
[Date "2019.07.06"]
[Round "5.37"]
[White "Heckmann,Torsten"]
[Black "Kotliarevski,Dennis"]
[Result "1-0"]
[WhiteElo "1862"]
[BlackElo "1624"]
[WhiteFideId "24653896"]
[BlackFideId "12995371"]
[EventDate "2019.07.04"]

1. e4 c5 2. d4 cxd4 3. c3 dxc3 4. Nxc3 e5 5. Nf3 Qc7 6. Nd5 Qd6 7. Bd2 Nc6 8.
Bc4 Nf6 9. Ng5 Nxd5 10. Bxd5 Nb4 11. Bxf7+ Ke7 12. Bc4 Nd3+ 13. Bxd3 Ke8 1-0

[Event "11th Vellmar Open 2019"]
[Site "Vellmar GER"]
[Date "2019.07.06"]
[Round "5.38"]
[White "Muenk,Johannes"]
[Black "Hilgert,V"]
[Result "0-1"]
[WhiteElo "1685"]
[BlackElo "1870"]
[WhiteFideId "16241983"]
[BlackFideId "24628484"]
[EventDate "2019.07.04"]

1. d4 d5 2. Bf4 e6 3. e3 Bd6 4. Bg3 Nf6 5. c3 Ne4 6. Bd3 Nxg3 7. hxg3 g6 8. Nf3
Qf6 9. Nbd2 Qg7 10. Qe2 f5 11. O-O-O Nd7 12. Rh2 Nf6 13. Kb1 c6 14. Rhh1 Ne4 15.
Nh2 Bd7 16. Bxe4 fxe4 17. g4 O-O-O 18. f3 exf3 19. gxf3 g5 20. Nhf1 Rdf8 21. Rh3
Rf7 22. Ng3 Bxg3 23. Rxg3 Rhf8 24. Rh1 e5 25. Rgh3 e4 26. fxe4 Rf2 27. Qd3 Bxg4
28. Rxh7 Qg6 29. Re7 Be2 30. Qc2 g4 31. Qb3 Ba6 32. Rhh7 Qxh7 33. Rxh7 Rxd2 34.
Rh1 g3 35. Qb4 Rdf2 36. Qd6 g2 37. Rg1 Bd3+ 38. Kc1 Rc2+ 0-1

[Event "11th Vellmar Open 2019"]
[Site "Vellmar GER"]
[Date "2019.07.06"]
[Round "5.39"]
[White "Koronowski,Heinz-Juergen"]
[Black "Tietze,M"]
[Result "0-1"]
[WhiteElo "1758"]
[BlackElo "1867"]
[WhiteFideId "12943762"]
[BlackFideId "4676335"]
[EventDate "2019.07.04"]

1. e4 e5 2. Nf3 Nc6 3. d4 exd4 4. Nxd4 Bc5 5. Nb3 Bb6 6. Nc3 d6 7. Qe2 h6 8. Be3
Nf6 9. f3 Bxe3 10. Qxe3 Qe7 11. Qe2 Be6 12. O-O-O O-O-O 13. Qf2 Kb8 14. Nd5 Qe8
15. Bc4 Ne5 16. Nxf6 gxf6 17. Bxe6 fxe6 18. Nd4 Nc6 19. Nxc6+ Qxc6 20. Qd4 Rdf8
21. Rd3 e5 22. Qe3 Qe8 23. Rdd1 f5 24. exf5 Rxf5 25. Rdf1 Qg6 26. g3 Rhf8 27.
Rf2 h5 28. Rhf1 Qf7 29. b3 d5 30. c3 b6 31. b4 Rc8 32. g4 Rf4 33. h3 Qf6 34. a4
d4 35. cxd4 exd4 36. Qd2 c5 37. b5 c4 0-1

[Event "11th Vellmar Open 2019"]
[Site "Vellmar GER"]
[Date "2019.07.06"]
[Round "5.40"]
[White "Bieler,Janek"]
[Black "Blaschke,Henri Johannes"]
[Result "1/2-1/2"]
[WhiteElo "1725"]
[BlackElo "1846"]
[WhiteFideId "16214633"]
[BlackFideId "12995320"]
[EventDate "2019.07.04"]

1. d4 d5 2. c4 e6 3. Nf3 Nf6 4. g3 Be7 5. Bg2 O-O 6. O-O c6 7. Qc2 b6 8. b3 Bb7
9. Bb2 Nbd7 10. Nc3 Rc8 11. Rad1 Qc7 12. e4 Rfd8 13. Rfe1 Qb8 14. Qb1 Qa8 15.
cxd5 cxd5 16. e5 Ne8 17. Bf1 Nc7 18. Rc1 Nf8 19. Rc2 Ba6 20. Bc1 Bxf1 21. Rxf1
Na6 22. a3 Nb8 23. b4 a6 24. Bg5 Ng6 25. Rfc1 Qb7 26. Bxe7 Nxe7 27. a4 Rc7 28.
Ne2 1/2-1/2

[Event "11th Vellmar Open 2019"]
[Site "Vellmar GER"]
[Date "2019.07.06"]
[Round "5.42"]
[White "Meyer,Marcel"]
[Black "Kroemer,Alexander"]
[Result "1-0"]
[WhiteElo "1796"]
[BlackElo "1641"]
[WhiteFideId "12997234"]
[BlackFideId "12974676"]
[EventDate "2019.07.04"]

1. d4 Nf6 2. c4 e6 3. Nc3 b6 4. e4 Bb7 5. Bd3 d5 6. cxd5 exd5 7. e5 Ne4 8. Qe2
Bb4 9. Qg4 Nxc3 10. Bd2 Nxa2 11. Qxg7 Bxd2+ 12. Kxd2 Rf8 13. Rxa2 Qe7 14. Nf3
Nc6 15. Bxh7 Qb4+ 16. Kc1 O-O-O 17. h4 Nxd4 18. Qg4+ Kb8 19. Qxd4 1-0

[Event "11th Vellmar Open 2019"]
[Site "Vellmar GER"]
[Date "2019.07.06"]
[Round "5.43"]
[White "Rouditser,Benjamin"]
[Black "Kuschel,Heidi"]
[Result "1-0"]
[WhiteElo "1815"]
[BlackElo "1736"]
[WhiteFideId "12987069"]
[BlackFideId "12974587"]
[EventDate "2019.07.04"]

1. d4 Nf6 2. c4 g6 3. f3 Bg7 4. e4 d6 5. Nc3 O-O 6. Be3 Nbd7 7. Nge2 c5 8. d5
Ne8 9. Ng3 Qa5 10. Qd2 a6 11. Be2 Ne5 12. O-O Qc7 13. h3 Nd7 14. Bh6 Nb6 15.
Bxg7 Nxg7 16. Bd3 e6 17. f4 f5 18. dxe6 Bxe6 19. Nd5 Bxd5 20. exd5 Rae8 21. a4
Nd7 22. Rae1 a5 23. Ne2 Nf6 24. Nc3 b6 25. Nb5 Qd7 26. Kh2 Rxe1 27. Rxe1 Re8 28.
Rxe8+ Ngxe8 29. Qe2 Kf7 30. Kg3 Nc7 31. Nxc7 Qxc7 32. Qe6+ Kg7 33. Kf3 Qd7 34.
Qxd7+ Nxd7 35. g4 fxg4+ 36. hxg4 Kf6 37. Kg3 h6 38. Kh4 Kg7 39. Bc2 Kh7 40. g5
Kg7 41. Kg4 Kh7 42. b3 Kg7 43. Bb1 Kh7 44. f5 Ne5+ 45. Kf4 h5 46. fxg6+ Nxg6+
47. Kf5 h4 48. Kf6 1-0

[Event "11th Vellmar Open 2019"]
[Site "Vellmar GER"]
[Date "2019.07.06"]
[Round "5.44"]
[White "Wachsmann,Elmar"]
[Black "Niedenthal,R"]
[Result "1-0"]
[WhiteElo "1784"]
[BlackElo "1682"]
[WhiteFideId "12973947"]
[BlackFideId "24627216"]
[EventDate "2019.07.04"]

1. d4 Nf6 2. c4 c5 3. e3 cxd4 4. exd4 g6 5. Nc3 Bg7 6. Nf3 O-O 7. Be2 b6 8. O-O
Bb7 9. Re1 d6 10. d5 Nbd7 11. Be3 Nc5 12. Bf1 Ng4 13. Bd4 f6 14. Nd2 Ne5 15. Qc2
a6 16. h4 Bc8 17. h5 Bf5 18. Nde4 Rc8 19. b3 gxh5 20. Qd1 Bg6 21. Re3 h6 22.
Nxc5 bxc5 23. Bxe5 fxe5 24. Rg3 Qe8 25. Rc1 Qf7 26. Rf3 Bf6 27. Bd3 Kh7 28. Ne4
Qg7 29. Rg3 Rg8 30. Rxg6 Kxg6 31. Nxd6+ Kg5 32. Qf3 exd6 33. Qg3# 1-0

[Event "11th Vellmar Open 2019"]
[Site "Vellmar GER"]
[Date "2019.07.06"]
[Round "5.45"]
[White "Ziegenfuss,Larissa"]
[Black "Maas,Kolja"]
[Result "0-1"]
[WhiteElo "1756"]
[BlackElo "1571"]
[WhiteFideId "12974722"]
[BlackFideId "16220420"]
[EventDate "2019.07.04"]

1. e4 e5 2. Nf3 Nf6 3. Nxe5 d6 4. Nf3 Nxe4 5. Nc3 Nxc3 6. dxc3 Nc6 7. Bd3 Bg4 8.
h3 Bh5 9. g4 Bg6 10. Be3 Qd7 11. Qd2 O-O-O 12. O-O-O f5 13. Bb5 fxg4 14. hxg4
Be4 15. Nd4 Bxh1 16. Rxh1 Re8 17. Nxc6 bxc6 18. Ba6+ Kd8 19. Qd4 c5 20. Qd5 c6
21. Qb3 Qc7 22. Be2 g6 23. c4 Bg7 24. Qd3 Kd7 25. Bf3 Qb6 26. Qb3 Rb8 27. Qxb6
axb6 28. c3 Rbf8 29. Be4 Be5 30. Kd2 b5 31. cxb5 cxb5 32. Kc2 Ke6 33. Rd1 Bf4
34. Bxf4 Rxf4 35. f3 Rd8 36. Rd5 Rh8 37. Rd2 h5 38. Rh2 h4 39. Rh3 g5 40. Bf5+
Rxf5 41. gxf5+ Kxf5 42. Kd3 g4 43. fxg4+ Kxg4 44. Re3 h3 45. Re7 h2 0-1

[Event "11th Vellmar Open 2019"]
[Site "Vellmar GER"]
[Date "2019.07.06"]
[Round "5.46"]
[White "Silini,Jalel"]
[Black "Thomasson,S"]
[Result "1-0"]
[WhiteElo "1650"]
[BlackElo "1876"]
[WhiteFideId "16215397"]
[BlackFideId "1706284"]
[EventDate "2019.07.04"]

1. e4 d5 2. exd5 Qxd5 3. Nc3 Qd6 4. b3 Nf6 5. Bb2 a6 6. h3 Nc6 7. Nf3 e5 8. d3
Be7 9. Be2 O-O 10. O-O Bf5 11. Nd2 Rad8 12. Bf3 Nd4 13. Nc4 Qe6 14. Re1 Bd6 15.
Bxb7 Bxh3 16. gxh3 Qxh3 17. Bg2 Qh4 18. Ne4 Ng4 19. Ne3 f5 20. Nxg4 fxg4 21. Re3
Nf5 22. Re1 g3 23. Nxg3 Nxg3 24. fxg3 Qxg3 25. Qh5 Rf6 26. Bxe5 Qf2+ 27. Kh1 Rh6
28. Qxh6 gxh6 29. Bd5+ Kf8 30. Rf1 Qxf1+ 31. Rxf1+ Ke8 32. Bc6+ 1-0

[Event "11th Vellmar Open 2019"]
[Site "Vellmar GER"]
[Date "2019.07.06"]
[Round "5.48"]
[White "Ullmann,Ralf"]
[Black "Azizov,Fariz"]
[Result "1-0"]
[WhiteElo "1830"]
[BlackElo "1458"]
[WhiteFideId "1271401"]
[BlackFideId "16218132"]
[EventDate "2019.07.04"]

1. e4 e5 2. Nf3 Nc6 3. Bc4 Bc5 4. c3 Nf6 5. d4 exd4 6. e5 d5 7. Bb5 Ne4 8. cxd4
Bb4+ 9. Bd2 Bxd2+ 10. Nbxd2 f5 11. Rc1 Bd7 12. Bxc6 Bxc6 13. O-O O-O 14. Nb3 Qe7
15. Re1 Ba4 16. Qd3 Bxb3 17. Qxb3 c6 18. Re2 Kh8 19. Nd2 Qg5 20. Qd1 Qg6 21. f4
Qh6 22. g3 g5 23. Qf1 Rg8 24. Nxe4 dxe4 25. Rg2 Rg6 26. Rcc2 Rag8 27. Rcf2 Qh3
28. fxg5 Rxg5 29. Rf4 Qh5 30. Rgf2 e3 31. R2f3 Rf8 32. Rxe3 Rg4 33. Ref3 Rxf4
34. Rxf4 Qf7 35. b3 Qe6 36. Qc4 Qh6 37. Qf1 Qe6 38. Qf3 Qg6 39. Kf2 Qh6 40. h4
Qg6 41. Qe3 Qe6 42. g4 Rf7 43. Qf3 c5 44. Rxf5 Rd7 45. Rf8+ Kg7 46. Qf6+ Qxf6+
47. Rxf6 cxd4 48. Ke2 Rd5 49. Rf5 Kg6 50. Kd3 Rd8 51. Rf6+ Kg7 52. Rd6 1-0

[Event "11th Vellmar Open 2019"]
[Site "Vellmar GER"]
[Date "2019.07.07"]
[Round "6.1"]
[White "Keller,Pe GER"]
[Black "Dorst,J"]
[Result "0-1"]
[WhiteTitle "FM"]
[BlackTitle "FM"]
[WhiteElo "2279"]
[BlackElo "2234"]
[WhiteFideId "1272105"]
[BlackFideId "4650433"]
[EventDate "2019.07.04"]

1. e4 c5 2. Nf3 d6 3. d4 cxd4 4. Nxd4 Nf6 5. Nc3 a6 6. f3 e5 7. Nb3 Be7 8. Be3
Be6 9. Qd2 O-O 10. O-O-O Nbd7 11. g4 b5 12. g5 b4 13. gxf6 bxc3 14. Qxc3 Nxf6
15. Na5 Rc8 16. Nc6 Qe8 17. Nxe7+ Qxe7 18. Qa5 Rc6 19. Rg1 Rfc8 20. c3 Nd7 21.
Rg2 Nc5 22. Kb1 f5 23. exf5 Bxf5+ 24. Ka1 Ne6 25. Rgd2 g6 26. Qa3 Rd8 27. Qa4
Rdc8 28. Qa3 Rd8 29. Qa4 Qc7 30. Qb4 Kg7 31. h4 h5 32. c4 Nc5 33. Bg2 a5 34. Qa3
Kh7 35. Bf1 Na6 36. Bd3 Bxd3 37. Rxd3 Nb4 38. Rc3 Rxc4 39. Kb1 Rxc3 40. Qxc3 Qf7
41. b3 Qf5+ 42. Kb2 Rc8 0-1